000 00943 a2200217 4500
001 61740
005 20260407155908.0
008 260407a1985 arg spa d
003 AR-UNSa-BCEJYS
040 _aAR-UNSa-BCEJYS
_bspa
_cAR-UNSa-BCEJYS
080 _a347.749
_xTarjeta de Crédito
245 1 0 _aTarjeta de crédito
_pRégimen legal. Doctrina. Jurisprudencia
020 _a978-950-508-155-4
264 1 _aBuenos Aires :
_bAstrea
_c1985
300 _axv, 198 p.
_c23 cm.
505 _a1. Evolución histórica y clasificación - 2. Definición. Elementos. Caracteres. Ventajas e inconvenientes - 3. Naturaleza jurídica - 4. Régimen legal - 5. La forma, el contrato por adhesión y su interpretación - 6. Ejecución del cobro. Su tratamiento jurisprudencial. Aspectos penales. Prescripción - 7. Conclusiones -
041 _aspa
942 _cBK
590 _aniveau_biblio:m niveau_hierar:0
100 1 _aMuguillo, Roberto Alfredo
999 _c7392
_d7392